| 000 | 00524nam a2200181 a 4500 | ||
|---|---|---|---|
| 005 | 20140310183502.0 | ||
| 008 | 100922s19uu xx 00 eng d | ||
| 050 |
_aHD 62.4 _b.K41 2003 |
||
| 100 | _aKerr, William A. | ||
| 245 |
_aThe economics of international business : _ba guide to the global commercial environment. |
||
| 260 |
_c2003. _a[S.l.] : _b[S.n.], |
||
| 300 |
_a267 p. : _c31 cm. |
||
| 521 | _aBSBA | ||
| 650 | _aEconomics. | ||
| 650 | _aInternational business. | ||
| 942 |
_cBK _2lcc _kFOR |
||
| 999 |
_c23960 _d23960 |
||